WW2 german tank quiz with pictures - Statistics

General Stats
  • This quiz has been taken 350 times
  • The average score is 11 of 29
Answer Stats
Picture Answer % Correct
E-100
79%
Jagdpanther
78%
Sturmtiger
67%
Maus
66%
P.1000 Ratte
58%
Brummbär
49%
Panther
48%
Flakpanzer IV Wirbelwind
43%
Tiger II
43%
Flakpanzer IV Ostwind
42%
Panzer IV
42%
Panzer 38(t)
41%
Panzer I
41%
panzer III
38%
Jagdpanzer III/IV
36%
Nashorn
36%
Panzer 35(t)
36%
Sturmgeschütz III
36%
Elefant
34%
Jagdtiger
32%
Tiger I
32%
Panzer II
28%
Löwe
27%
Marder II
25%
Marder I
19%
Sturmgeschütz IV
19%
Wespe
19%
Marder III
17%
Panzerjäger I
15%
No matching quizzes found
Score Distribution
Percent of People with Each Score
Percentile by Number Answered
Your Score History
You have not taken this quiz